| 000 | 00401nam a22001457a 4500 | ||
|---|---|---|---|
| 999 |
_c525418 _d525418 |
||
| 008 | 240301b ||||| |||| 00| 0 eng d | ||
| 100 |
_aJha, Dhirendra K. _950178 |
||
| 245 | _aGodse never left the RSS | ||
| 260 | _aSocial Scientist | ||
| 300 | _a51(11-12), Nov-Dec, 2023: p.51-66 | ||
| 650 |
_aGandhi, M.K. _950179 |
||
| 773 | _aSocial Scientist | ||
| 906 | _aINDIA - HISTORY | ||
| 942 | _cAR | ||